• 首页
  • 本馆介绍
  • 公告通知
  • 最新文献
  • 馆藏检索
  • 电子资源
  • 读者导购
  • 参考咨询
  • 我的图书馆
  • 登录
  • 详细信息显示
  • 放入我的书架
  • 预约/预借图书
  • 作者相关作品
  • 分类相关作品
  • 丛书相关作品
  • 出版社相关作品

书目信息

  • 表格格式
  • 工作单格式
  • 卡片格式
题名:
欧洲原工业化的起源与转型
    
 
作者: 杨豫 著
分册:  
出版信息: 南京   江苏人民出版社  2004
页数: 291页
开本: 20cm
丛书名: 当代资本主义研究丛书
单 册:
中图分类: F450.9
科图分类:
主题词: 工业史--研究--欧洲 , 工业史
电子资源:
ISBN: 7-214-03663-0
000 00976oam2 2200277 450
001 1261693812
005 20121004170946.84
010    @a7-214-03663-0@dCNY15.00
100    @a20040914d2004 ekmy0chiy0120 ea
101 0  @achi
102    @aCN@b320000
105    @ay az 000yy
200 1  @a欧洲原工业化的起源与转型@9ou zhou yuan gong ye hua de qi yuan yu zhuan xing@f杨豫著
210    @a南京@c江苏人民出版社@d2004
215    @a291页@d20cm
225 2  @a当代资本主义研究丛书
300    @a教育部社科九五规划博士点重点项目
320    @a有书目
330    @a本书“理论的突破”部分对原工业化理论的来龙去脉进行了研究,然后讨论了原工业化的基本特征、地理分布、兴起的条件、组织形式,再探讨了原工业化为工业化所做的各个层面的准备以及向工业化过渡的方式。
461  0 @12001 @a当代资本主义研究丛书
606 0  @a工业史@x研究@y欧洲
606 0  @a工业史
690    @aF450.9@v4
701  0 @a杨豫@9yang yu@f(1944~)@4著
801  0 @aCN@bTSSF@c20040914
905    @a10447@dF450.9@eJY15
    
    欧洲原工业化的起源与转型/杨豫著.-南京:江苏人民出版社,2004
    291页;20cm.-(当代资本主义研究丛书)
    教育部社科九五规划博士点重点项目
    
    ISBN 7-214-03663-0:CNY15.00
    本书“理论的突破”部分对原工业化理论的来龙去脉进行了研究,然后讨论了原工业化的基本特征、地理分布、兴起的条件、组织形式,再探讨了原工业化为工业化所做的各个层面的准备以及向工业化过渡的方式。
●
相关链接 在E读中查询图书 在五车中查询图书 在当当中查询图书 在豆瓣中查询图书


正题名:欧洲原工业化的起源与转型     索取号:F450.9/JY15         预约/预借

序号 登录号 条形码 馆藏地/架位号 状态 备注
1 7813917   278139177   学院路分馆/ [索取号:F450.9/JY15] 在馆    
2 7813918   278139186   学院路分馆/ [索取号:F450.9/JY15] 在馆    
唐山师范学院图书馆 欢迎您!
大连网信软件有限公司© 版权所有